<?xml version="1.0" encoding="UTF-8"?>
<record
    xmlns:xsi="http://www.w3.org/2001/XMLSchema-instance"
    xsi:schemaLocation="http://www.loc.gov/MARC21/slim http://www.loc.gov/standards/marcxml/schema/MARC21slim.xsd"
    xmlns="http://www.loc.gov/MARC21/slim">

  <leader>     nam a22     7a 4500</leader>
  <datafield tag="999" ind1=" " ind2=" ">
    <subfield code="c">259193</subfield>
    <subfield code="d">259193</subfield>
  </datafield>
  <controlfield tag="003">IT-MiCISF</controlfield>
  <controlfield tag="008">161216b        xxu||||| |||| 00| 0 eng d</controlfield>
  <datafield tag="020" ind1=" " ind2=" ">
    <subfield code="a">9788821596650</subfield>
  </datafield>
  <datafield tag="040" ind1=" " ind2=" ">
    <subfield code="c">IT-MiCISF</subfield>
  </datafield>
  <datafield tag="041" ind1=" " ind2=" ">
    <subfield code="a">it</subfield>
  </datafield>
  <datafield tag="100" ind1=" " ind2=" ">
    <subfield code="a">Cantelmi Tonino (et al.)</subfield>
    <subfield code="9">56057</subfield>
  </datafield>
  <datafield tag="245" ind1=" " ind2=" ">
    <subfield code="a">Essere padre e madre oggi</subfield>
    <subfield code="b">Crescere i figli con equilibrio e stabilit&#xE0;</subfield>
  </datafield>
  <datafield tag="260" ind1=" " ind2=" ">
    <subfield code="a">Cinisello B. (MI)</subfield>
    <subfield code="b">San Paolo</subfield>
    <subfield code="c">2015</subfield>
  </datafield>
  <datafield tag="300" ind1=" " ind2=" ">
    <subfield code="a">pp. 202</subfield>
  </datafield>
  <datafield tag="500" ind1=" " ind2=" ">
    <subfield code="a">genitorialit&#xE0;, nuovi-media, adolescenza, paternit&#xE0;, omosessualit&#xE0;, differenza-sessuale</subfield>
  </datafield>
  <datafield tag="520" ind1=" " ind2=" ">
    <subfield code="a">Essere padri e madri oggi: &#xE8; ancora possibile?  Per rispondere a questo &#x201C;ingombrante&#x201D; interrogativo, gli Autori hanno provato a coniare un termine: genitorialit&#xE0; complesse. Esso aiuta a indicare situazioni &#x201C;critiche&#x201D; che nell&#x2019;epoca definita come &#x201C;postmodernit&#xE0; tecnoliquida&#x201D; sembrano superare la cosiddetta &#x201C;famiglia tradizionale&#x201D;.Questo libro non ha conclusioni, ma cerca di rendere un servizio alla verit&#xE0; dei dati, alla luce dei quali  il lettore potr&#xE0; formarsi un&#x2019;idea personale. Da un lato genitori &#x201C;tecno liquidi&#x201D;,  adoltescenti o dello stesso sesso, dall&#x2019;altro la necessit&#xE0; di non distorcere la realt&#xE0; dei fatti, il buon senso, l&#x2019;equilibrio e la solidit&#xE0; della famiglia tradizionale.</subfield>
  </datafield>
  <datafield tag="650" ind1=" " ind2=" ">
    <subfield code="a">genitorialit&#xE0;</subfield>
    <subfield code="9">56044</subfield>
  </datafield>
  <datafield tag="654" ind1=" " ind2=" ">
    <subfield code="a">saggio</subfield>
  </datafield>
  <datafield tag="700" ind1=" " ind2=" ">
    <subfield code="a">Toro M.B.</subfield>
    <subfield code="a">Scicchitano M.</subfield>
    <subfield code="a">Lambiase E.</subfield>
    <subfield code="9">56058</subfield>
  </datafield>
  <datafield tag="942" ind1=" " ind2=" ">
    <subfield code="2">ddc</subfield>
    <subfield code="c">BK</subfield>
  </datafield>
  <datafield tag="952" ind1=" " ind2=" ">
    <subfield code="0">0</subfield>
    <subfield code="1">0</subfield>
    <subfield code="2">ddc</subfield>
    <subfield code="4">0</subfield>
    <subfield code="6">A_2155_000000000000000</subfield>
    <subfield code="7">1</subfield>
    <subfield code="a">CISF</subfield>
    <subfield code="b">CISF</subfield>
    <subfield code="d">2016-12-16</subfield>
    <subfield code="l">0</subfield>
    <subfield code="o">a2155</subfield>
    <subfield code="p">9788821596650</subfield>
    <subfield code="r">2016-12-16 00:00:00</subfield>
    <subfield code="w">2016-12-16</subfield>
    <subfield code="y">BK</subfield>
  </datafield>
</record>
